| 000 | | | 04912cbm0a2200325#x 450 |
| 001 | | | 4fcf100c-ef97-462f-af53-49a3e214f594 |
| 005 | | | 20210618133908.0 |
| 100 | ## | $a | 20210525j19400210k###0rusy50 ca |
| 101 | 0# | $a | rus |
| 102 | ## | $a | RU |
| 122 | 0# | $a | d19400210## |
| 200 | 1# | $a | Шифртелеграмма наркома иностранных дел СССР В. М. Молотова полномочному представителю СССР в Швеции А. М. Коллонтай с ответом министром иностранных дел Норвегии Х. Куту об условиях начала переговоров между СССР и Финляндией |
| | $j | 10 февраля 1940 г. |
| 251 | ## | $c | Документ |
| 300 | ## | $a | Копия |
| 461 | #0 | $1 | 2001 |
| | $a | Ф. 059 |
| | $1 | 251 |
| | $c | Фонд |
| | $1 | 852 |
| | $j | 059 |
| 462 | #0 | $1 | 2001 |
| | $a | Оп. 1. П. 332 |
| | $1 | 251 |
| | $c | Опись |
| | $1 | 852 |
| | $j | 1. П. 332 |
| 462 | #0 | $1 | 2001 |
| | $a | Д. 2278 |
| | $v | Л. 48-49 |
| | $1 | 251 |
| | $c | Дело |
| | $1 | 852 |
| | $j | 2278 |
| 605 | ## | $2 | prlib_sh |
| | $3 | LIBNET\UAF\0000088514 |
| | $a | Вторая мировая война в архивных документах (Комплекс оцифрованных архивных документов, кино- и фотоматериалов) |
| | $l | коллекция |
| 606 | 1# | $2 | nlr_sh |
| | $3 | RU\NLR\AUTH\661258270 |
| | $a | Советско-финляндская война |
| | $z | 1939 - 1940 |
| | $j | Документы и материалы |
| 607 | ## | $2 | prlib_sh |
| | $3 | LIBNET\UAF\0000095873 |
| | $a | СССР |
| | $x | Внешняя политика |
| | $y | Финляндия |
| | $z | 1940 |
| | $j | Документы и материалы |
| 617 | ## | $2 | prlib_sh |
| | $a | СССР |
| | $f | 1940 |
| 617 | ## | $2 | prlib_sh |
| | $a | Финляндия |
| | $f | 1940 |
| 686 | ## | $a | 63.3(2)621-6ю11 |
| | $v | LBC/M |
| | $2 | rubbk |
| 686 | ## | $a | 63.3(4Фин)61-6ю11 |
| | $v | LBC/M |
| | $2 | rubbk |
| 801 | #0 | $a | RU |
| | $b | ПБ им. Б.Н. Ельцина |
| | $c | 20210525 |
| 801 | #1 | $a | RU |
| | $b | ПБ им. Б.Н. Ельцина |
| | $c | 20210525 |
| | $2 | rusmarc |
| 801 | #2 | $a | RU |
| | $b | ПБ им. Б.Н. Ельцина |
| | $c | 20210618 |
| | $2 | rusmarc |
| 850 | ## | $a | Архив внешней политики Российской Федерации |
| 852 | ## | $a | АВП РФ |
| | $j | Л. 48-49 |
| 856 | 4# | $n | ПБ им. Б.Н. Ельцина |
| | $u | http://readingroom.main.prlib.ru/item.aspx?id_node=n165205665&mode=full |
| 035 | ## | $a | LIBNET\0001155892 |
| 937 | ## | $d | 165205665 |
| | $h | Федеральное архивное агентство |